Sports Quiz

Random Sports or Soccer Quiz

All UEFA Europa League Clubs Slideshow (L Only) Quiz Stats

 Plays Quiz not verified by Sporcle

Challenge
Share
Tweet
Score 0/54 Timer 08:00
0 Plays Today
% Correct
SS Lazio
94.4%
Leicester City
94.4%
Leeds United
91.7%
Liverpool FC
91.7%
RC Lens
86.1%
Lille LOSC
86.1%
Lyon
80.6%
Lokomotiv Moskva
75%
FC Lorient
72.2%
Lech Poznań
69.4%
UD Las Palmas
66.7%
Ludogorets Razgrad
63.9%
Legia Warszawa
61.1%
Lierse SK
61.1%
Livorno
61.1%
AC Libertas
58.3%
Levadia Tallinn
52.8%
Lausanne Sport
50%
Lillestrøm SK
50%
FC Luzern
50%
Levski Sofia
47.2%
Litex Lovech
47.2%
Lyngby BK
41.7%
FC Lugano
41.7%
Lokomotiv Plovdiv
41.7%
Limerick FC
38.9%
Linfield FC
36.1%
% Correct
Lokomotiv Sofia
36.1%
Livingston FC
33.3%
Leixões SC
30.6%
Lincoln Red Imps
28.6%
Llanelli Town
27.8%
Llandudno FC
27.8%
KSC Lokeren
27.8%
LASK Linz
25%
La Fiorita
25%
KF Laçi
25%
ŁKS Łódź
22.2%
FK Liepājas Metalurgs
22.2%
Lokomotiva Zagreb
22.2%
Longford Town
22.2%
FC Lahti
19.4%
Lusitanos
19.4%
Lyn
16.7%
FC Linz
13.9%
Lokomotive Leipzig
13.9%
Lisburn Distillery FC
11.1%
Landskrona BoIS
11.1%
Lantana Tallinn
8.3%
RFC Liège
8.3%
Locomotive Tbilisi
8.3%
FK Lovćen
8.3%
RAA Louvière
5.6%
Lokomotíva Košice
5.6%

You're not logged in!

Compare scores with friends on all Sporcle quizzes.
Join for Free
OR
Log In

You Might Also Like...

Show Comments

Extras

Top Quizzes Today


Score Distribution

Your Account Isn't Verified!

In order to create a playlist on Sporcle, you need to verify the email address you used during registration. Go to your Sporcle Settings to finish the process.

Report this User

Report this user for behavior that violates our Community Guidelines.

Details: